000 00296nam a22001217a 4500
008 180607b xxu||||| |||| 00| 0 eng d
041 _aeng
080 _a043.3
100 _a0
101 _aSHKI-BA
245 _aAnalyzing Implementation of IP Telephony solutions
_cRamadani, E
942 _2udc
_cBK
999 _c46593
_d46593